ბათუმის შოთა რუსთაველის სახელმწიფო უნივერსიტეტის ბიბლიოთეკა

Теория графов и ее применения (ბიბ.ჩანაწერი № 38855)

000 -LEADER
fixed length control field 00700nam a2200217Ia 4500
001 - CONTROL NUMBER
control field 5265
003 - CONTROL NUMBER IDENTIFIER
control field GE_BSU
008 - FIXED-LENGTH DATA ELEMENTS--GENERAL INFORMATION
fixed length control field 181216s||||||||xx |||||||||||||| ||und||
040 ## - CATALOGING SOURCE
Transcribing agency GE_BSU
080 ## - UNIVERSAL DECIMAL CLASSIFICATION NUMBER
Universal Decimal Classification number 519.17
100 ## - MAIN ENTRY--PERSONAL NAME
Personal name Берж, К.
245 ## - TITLE STATEMENT
Title Теория графов и ее применения
245 ## - TITLE STATEMENT
Statement of responsibility, etc. Под ред.Вайнштейна И. А. Пер с французского Зыкова А. А.
260 ## - PUBLICATION, DISTRIBUTION, ETC.
Place of publication, distribution, etc. Москва
260 ## - PUBLICATION, DISTRIBUTION, ETC.
Name of publisher, distributor, etc. Изд-во Иностранной литературы
260 ## - PUBLICATION, DISTRIBUTION, ETC.
Date of publication, distribution, etc. 1962.
300 ## - PHYSICAL DESCRIPTION
Extent 319с.22 см.
300 ## - PHYSICAL DESCRIPTION
Accompanying material Библиогр.: стр.308-311
653 ## - INDEX TERM--UNCONTROLLED
Uncontrolled term Теория графов и ее применения
942 ## - ADDED ENTRY ELEMENTS (KOHA)
Koha item type წიგნი
ეგზემპლარები
Withdrawn status Lost status Damaged status Not for loan Date acquired Barcode Date last seen Price effective from Koha item type
        2018-12-17 16096 2018-12-17 2018-12-17 წიგნი
        2018-12-17 15120 2018-12-17 2018-12-17 წიგნი